00629nam a2200193Ia 4500003000900000008004100009040001600050080001900066100002100085245005000106260004000156300001600196650004100212650003300253650003200286942000700318999001500325952009500340IN-BaIIA211028s9999 xx 000 0 eng d cIIA Library a03:535:33bKAY aKayser, H.92526 0aHandbuch der spectroscopiebvol. IcH. Kayser aLeipzigbVerlag Von S. Hirzelc1900 axxiv, 781p. aAstronomy and Astrophysics Thesaurus aHandbooks-Spectroscopy92527 aSpectroscopy-Handbook92528 cBK c1210d1210 00104070aBANbKODcGENd0000-00-00l0o03:535:33/ KAYp1276r2021-11-05w0000-00-00yBK